Atlas mexicano de la conquista. Historia geográfica en 40 cartas

Gespeichert in:
Bibliographische Detailangaben
1. Verfasser: Amaya Topete, Jesús Autor
Weitere Verfasser: Amaya, Francisco J Dibujos
Format: keine Angabe
Sprache:Spanisch
Erschienen: México DF Fondo de Cultura Económica 1958
Katalog:MANES:  Suchergebnis im Bibliothekskatalog
Schulbuchspezifische Eigenschaften:
Tags: Tag hinzufügen
Keine Tags, Fügen Sie den ersten Tag hinzu!
Hinzugefügt zu:26.04.2016
Geändert in:27.07.2022

MARC

LEADER 000000000a22000000004500
001 14203
003 OSt
005 20220728014806.0
008 160427s sp ||||| |||| 00| 0 spa d
040 |c centro_manes 
041 1 |a spa 
100 1 |a Amaya Topete, Jesús  |b Autor  |9 10059 
245 0 0 |a Atlas mexicano de la conquista. Historia geográfica en 40 cartas 
260 3 |a México DF  |b Fondo de Cultura Económica  |c 1958 
300 |a 32 p.  |c 24 x 35 cm 
500 |a Signatura topográfica: OB-27. Se trata de una guía de Historia geográfica de las expediciones que efectuaron los españoles para descubrir México. Contiene mapas y es de pasta dura a cuatro colores. 
546 |a México 
690 7 |a GEO 
691 0 |a SE 
700 1 |a Amaya, Francisco J  |b Dibujos  |9 10060 
942 |2 ddc  |c BK 
999 |c 20177  |d 20177 
999 |c manes:20177  |d 20177